| 000 | 00000nam##2200000za#4500 |
| 001 | 9.642571 |
| 003 | CaOODSP |
| 005 | 20210624223753 |
| 007 | cr ||||||||||| |
| 008 | 150407|2002||||xxc|||||o f|0| 0 fre|d |
| 040 | |aCaOODSP|bfre |
| 043 | |an-cn--- |
| 086 | 1 |aSO1-1/2002-1F-PDF |
| 110 | 1 |aCanada.|bGouverneur général. |
| 245 | 13|aLe Canada que l'on veut : |h[ressource électronique]|bdiscours du Trône ouvrant la deuxième session de la trente-septième législature du Canada, le 30 septembre 2002 - points saillants |
| 260 | |aOttawa - Ontario : |bGouverneure générale du Canada |cc2002. |
| 300 | |a1p.|bphotographies |
| 500 | |aLe n° de catalogue (SO1-1/2002-1) et l'ISBN (0-662-66891-X) de l'édition imprimée bilingue ont été incorrectement copiés dans l'édition électronique. |
| 520 | 3 |aCe document décrit le programme du gouvernement pour la deuxième session de la trente-septième législature et en souligne les faits saillants qui portent sur le régime de soins de santé, la pauvreté chez les enfants, le changement climatique et l'environnement, l'innovation et les investissements, les perspectives d'avenir des Autochtones, les villes compétitives et les communautés en santé et le partenariat entre le gouvernement et les citoyens et citoyennes. |
| 590 | |a13-27-Supp|b2013-11-15 |
| 775 | 08|tThe Canada we want : |w(CaOODSP)9.698564 |
| 856 | 40|ahttp://publications.gc.ca|qPDF|s222 Ko|uhttps://publications.gc.ca/collections/Collection/SO1-1-2002-1F.pdf |